|
|
|
|
| LEADER |
01137nam a2200277 a 4500 |
| 001 |
7684 |
| 003 |
BD-DhAAL |
| 005 |
20130915154426.0 |
| 008 |
130915s1999 nyu b 001 0 eng d |
| 010 |
|
|
|a 98048121
|
| 020 |
|
|
|a 0801316332 (pbk.)
|
| 040 |
|
|
|a DLC
|c DLC
|d DLC
|d BD-DhAAL
|
| 050 |
0 |
0 |
|a H61
|b .G555 1999
|
| 082 |
0 |
0 |
|a 300/.1
|2 21
|
| 100 |
1 |
|
|a Glesne, Corrine.
|9 3064
|
| 245 |
1 |
0 |
|a Becoming qualitative researchers :
|b an introduction /
|c Corrine Glesne.
|
| 250 |
|
|
|a 2nd ed.
|
| 260 |
|
|
|a New York :
|b Longman,
|c c1999.
|
| 300 |
|
|
|a xv, 224 p. ;
|c 24 cm.
|
| 504 |
|
|
|a Includes bibliographical references (p. 203-216) and indexes.
|
| 541 |
|
|
|e 7684
|
| 650 |
|
0 |
|a Social sciences
|x Methodology.
|9 1319
|
| 942 |
|
|
|2 ddc
|c BK
|
| 999 |
|
|
|c 13963
|d 13963
|
| 952 |
|
|
|0 0
|1 0
|2 ddc
|4 1
|6 300_100000000000000_GLE
|7 0
|9 23393
|a BRACUL
|b BRACUL
|c SPS
|d 2013-09-15
|l 0
|o 300.1 GLE
|p 3010007684
|r 2013-09-15
|t 1
|w 2013-09-15
|y BK
|x Photocopy Book. Declared as Damaged on December 10, 2023
|
| 952 |
|
|
|0 0
|1 0
|2 ddc
|4 0
|6 300_100000000000000_GLE
|7 0
|9 23918
|a BRACUL
|b BRACUL
|c GEN
|d 2014-02-24
|l 1
|m 7
|o 300.1 GLE
|p 3010007379
|q 2026-09-09
|r 2024-11-14
|s 2024-11-14
|t 2
|w 2014-02-24
|y BK
|